Normal view
MARC view
Entry Topical Term
001 - CONTROL NUMBER
- control field: 264993
003 - CONTROL NUMBER IDENTIFIER
- control field: OSt
005 - DATE AND TIME OF LATEST TRANSACTION
- control field: 20260602124453.0
008 - FIXED-LENGTH DATA ELEMENTS
- fixed length control field: 260602|| aca||aabn | a|a d
040 ## - CATALOGING SOURCE
- Original cataloging agency: OSt
- Transcribing agency: OSt
150 ## - HEADING--TOPICAL TERM
- Topical term or geographic name entry element: (ಗುರುನಾಥ ಗುಂಡಭಟ್ಟ ಜೋಶಿ)
670 ## - SOURCE DATA FOUND
- Source citation: Work cat.: (OSt)101779: JOSHI (D T) ಜಿ.ಡಿ. ಜೋಶಿ 264992, Madhyayugina bharathada itihasa ( kri sha 1206 rinda 1707 ra varege), 1998